000 00589nam a2200229Ia 4500
003 0100
008 130227s9999 xx 000 0 und d
020 _a0820703583
040 _cARRUPELIB
050 _aB2430.L484M3413 2006
100 _aMalka, Salomon
245 _aEmmanuel Levinas
245 _bHis life and legacy
260 _aPittsburgh
260 _bDuquesne University Press
260 _C2006
300 _axxxvii
300 _b 330p 21cm
650 _bPhilosophy, German - 20th century
700 _aKigel, Michaekl (tr); Embree, Sonja M. (tr)
942 _2lcc
_012
999 _c5181
_d5181